[Event "2BLN 2223 SV Werder Bremen II - SF Berl"]
[Site "?"]
[Date "2023.02.04"]
[Round "5.7"]
[White "Ahlander, Bjorn"]
[Black "Ewert, Hannes"]
[Result "1-0"]
[WhiteElo "2412"]
[BlackElo "2261"]
[PlyCount "85"]
[EventDate "2023.??.??"]

1. e4 e5 2. Nf3 Nc6 3. Bb5 a6 4. Ba4 Nf6 5. O-O Be7 6. Re1 b5 7. Bb3 d6 8. c3 O-O 9. h3 Na5 10. Bc2 c5 11. d4 Qc7 12. Nbd2 cxd4 13. cxd4 Nc6 14. Nb3 a5 15. Be3 a4 16. Nbd2 Bd7 17. Rc1 Qb7 18. Bb1 Rfc8 19. Qe2 a3 20. bxa3 Rxa3 21. Nb3 exd4 22. Nfxd4 Nxd4 23. Bxd4 Rxc1 24. Rxc1 Be6 25. e5 dxe5 26. Bxe5 Bc4 27. Qe1 Qa8 28. Bd4 Qf8 29. Rc3 Ra6 30. Re3 Re6 31. Rxe6 Bxe6 32. Bb2 Bc4 33. Nd2 Bd5 34. Qe2 b4 35. Bxf6 Bxf6 36. Bxh7+ Kxh7 37. Qh5+ Kg8 38. Qxd5 Qc8 39. Ne4 Be7 40. Kh2 Qc2 41. g3 g6 42. Kg2 Qe2 43. Qe5 1-0

[Event "2BLN 2223 SV Werder Bremen II - SF Berl"]
[Site "?"]
[Date "2023.02.04"]
[Round "5.8"]
[White "Weidenhoefer, Max"]
[Black "Lundin, Jan"]
[Result "1/2-1/2"]
[WhiteElo "1870"]
[BlackElo "2224"]
[PlyCount "86"]
[EventDate "2023.??.??"]

1. e4 c5 2. Nf3 e6 3. d4 cxd4 4. Nxd4 Nf6 5. Nc3 d6 6. Be3 Be7 7. f3 h5 8. Qd2 a6 9. O-O-O b5 10. Bd3 Bb7 11. g3 Nbd7 12. h3 Nc5 13. g4 Nfd7 14. Rhg1 g6 15. Kb1 Ne5 16. f4 Nexd3 17. cxd3 hxg4 18. hxg4 Qd7 19. Rc1 b4 20. Nce2 a5 21. Rcf1 O-O-O 22. Nc1 Ba6 23. Ndb3 Qb5 24. Rd1 Rh3 25. Nd4 Qb7 26. Rh1 Rdh8 27. Rxh3 Rxh3 28. Ndb3 Nxe4 29. Qc2+ Qc7 30. Bb6 Qxc2+ 31. Kxc2 Rh2+ 32. Nd2 Nxd2 33. Rxd2 Rxd2+ 34. Kxd2 a4 35. Ne2 Kd7 36. Ba5 d5 37. Nd4 Bd6 38. Ke3 Bc5 39. g5 Kd6 40. Bd8 Kd7 41. Bf6 Kc7 42. Kd2 Bc8 43. Nf3 Bd7 1/2-1/2

[Event "2BLN 2223 Hamburger SK II - SK Zehlendo"]
[Site "?"]
[Date "2023.02.04"]
[Round "5.1"]
[White "Sawlin, Leonid"]
[Black "Souleidis, Georgios"]
[Result "*"]
[WhiteElo "2409"]
[BlackElo "2421"]
[PlyCount "74"]
[EventDate "2023.??.??"]

1. e4 c5 2. Nf3 d6 3. d4 cxd4 4. Nxd4 Nf6 5. Nc3 Nc6 6. h3 e5 7. Nf3 Be7 8. Bc4 O-O 9. Bg5 Be6 10. Bb3 Rc8 11. Bxf6 Bxf6 12. Nd5 Bg5 13. O-O Na5 14. c3 Bh6 15. Nh2 Kh8 16. Ng4 f5 17. exf5 Bxf5 18. Bc2 Be6 19. Qd3 Bf5 20. Qe2 Be6 21. Rad1 Nc4 22. Be4 Bg5 23. b3 Nb6 24. c4 Nxd5 25. Bxd5 Qd7 26. Nxe5 dxe5 27. Qxe5 Bf5 28. Be4 Qc7 29. Qd5 Bxe4 30. Qxg5 Bc6 31. b4 h6 32. Qe3 a6 33. Rd4 Rce8 34. Qd2 Rd8 35. Rd1 Rxd4 36. Qxd4 Qe7 37. f3 Qxb4 *

[Event "2BLN 2223 Hamburger SK II - SK Zehlendo"]
[Site "?"]
[Date "2023.02.04"]
[Round "5.2"]
[White "Peyrer, Konstantin"]
[Black "Lagunow, Raphael"]
[Result "1-0"]
[WhiteElo "2379"]
[BlackElo "2401"]
[PlyCount "63"]
[EventDate "2023.??.??"]

1. d4 d5 2. c4 e6 3. Nf3 Nf6 4. Nc3 c6 5. e3 Nbd7 6. Qc2 Bd6 7. Bd3 O-O 8. O-O dxc4 9. Bxc4 b5 10. Be2 Bb7 11. e4 e5 12. dxe5 Nxe5 13. Nd4 g6 14. Rd1 Qb6 15. Bg5 Nfg4 16. Rac1 a6 17. h3 c5 18. Ndxb5 axb5 19. hxg4 c4 20. Be3 Bc5 21. Nd5 Qa7 22. Qc3 Bxe3 23. Nf6+ Kh8 24. fxe3 Rfe8 25. Nxe8 Rxe8 26. a4 Bxe4 27. Rd8 Qe7 28. Rxe8+ Qxe8 29. axb5 f6 30. g5 Qe6 31. Qd4 Bb7 32. Qd8+ 1-0

[Event "2BLN 2223 Hamburger SK II - SK Zehlendo"]
[Site "?"]
[Date "2023.02.04"]
[Round "5.3"]
[White "Brodowski, Piotr"]
[Black "Roebers, Eline"]
[Result "1-0"]
[WhiteElo "2455"]
[BlackElo "2360"]
[PlyCount "111"]
[EventDate "2023.??.??"]

1. c4 e5 2. Nc3 Nf6 3. Nf3 e4 4. Ng5 c6 5. d3 exd3 6. Qxd3 d5 7. cxd5 cxd5 8. g3 Nc6 9. Bg2 h6 10. Nf3 Bc5 11. O-O O-O 12. Bf4 a6 13. Ne5 Ne7 14. Rad1 Be6 15. Qb1 Ba7 16. a3 Qe8 17. Nd3 Rd8 18. Bc7 Rd7 19. Be5 Ng4 20. Bf4 Ng6 21. h3 Nf6 22. Ne5 Nxf4 23. Nxd7 Qxd7 24. gxf4 Bxh3 25. Nxd5 Qg4 26. Nxf6+ gxf6 27. Qe4 Kh8 28. Rd3 Rg8 29. Rxh3 Qxh3 30. Rd1 Qg4 31. Kf1 Bb8 32. Qxb7 Bxf4 33. Rd7 Re8 34. e3 Rb8 35. Qc6 Be5 36. b4 h5 37. Bf3 Qf5 38. Be4 Qe6 39. Ra7 Qh3+ 40. Bg2 Qg4 41. Bf3 Qf5 42. Be4 Qg4 43. Bc2 Rc8 44. Qe4 Rxc2 45. Qxc2 Kg7 46. Qd3 h4 47. Qd5 Kh6 48. Rxf7 h3 49. Rf8 Qg7 50. Qa8 f5 51. Qc6+ Kh7 52. Rxf5 Qg4 53. Qd7+ Bg7 54. Qd5 Kg6 55. Rf4 Qc8 56. Qf7+ 1-0

[Event "2BLN 2223 Hamburger SK II - SK Zehlendo"]
[Site "?"]
[Date "2023.02.04"]
[Round "5.4"]
[White "Bracker, Frank"]
[Black "Stachowiak, Kamil"]
[Result "1/2-1/2"]
[WhiteElo "2338"]
[BlackElo "2456"]
[PlyCount "82"]
[EventDate "2023.??.??"]

1. c4 c5 2. g3 Nc6 3. Bg2 g6 4. Nc3 Bg7 5. Nf3 e5 6. O-O d6 7. a3 Nge7 8. d3 O-O 9. Rb1 a5 10. Nd2 f5 11. f4 Be6 12. Nd5 Rb8 13. e3 Bf7 14. Kh1 Re8 15. Qc2 Kh8 16. b3 Na7 17. fxe5 dxe5 18. e4 Nac6 19. Nf3 Qd6 20. Be3 Rf8 21. Qd2 Be6 22. Ng5 Bd7 23. exf5 gxf5 24. b4 axb4 25. axb4 cxb4 26. Nxb4 h6 27. c5 Qg6 28. Nf3 Nxb4 29. Rxb4 Bc6 30. Rh4 f4 31. gxf4 Nf5 32. Rh3 Nxe3 33. Qxe3 exf4 34. Qd2 Rbd8 35. d4 Bxf3 36. Rhxf3 Rxd4 37. Qc1 Qg5 38. R3f2 Qe7 39. c6 bxc6 40. Qxc6 Qg5 41. Bf3 Qf6 1/2-1/2

[Event "2BLN 2223 Hamburger SK II - SK Zehlendo"]
[Site "?"]
[Date "2023.02.04"]
[Round "5.5"]
[White "Luch, Michal"]
[Black "Colpe, Malte"]
[Result "1/2-1/2"]
[WhiteElo "2351"]
[BlackElo "2347"]
[PlyCount "96"]
[EventDate "2023.??.??"]

1. d4 d5 2. c4 e6 3. Nc3 Nf6 4. cxd5 Nxd5 5. e4 Nxc3 6. bxc3 c5 7. Nf3 cxd4 8. cxd4 Bb4+ 9. Bd2 Bxd2+ 10. Qxd2 O-O 11. Bc4 Nd7 12. O-O b6 13. Rfe1 Bb7 14. Rad1 Rc8 15. Bb3 Re8 16. Qf4 Qf6 17. Qg3 Qg6 18. Qxg6 hxg6 19. Ng5 Nf6 20. f4 Rc7 21. d5 exd5 22. exd5 Rxe1+ 23. Rxe1 Rd7 24. d6 Rxd6 25. Re7 Rd7 26. Bxf7+ Kf8 27. Rxd7 Nxd7 28. Bxg6 Bd5 29. a3 Nc5 30. Kf2 a5 31. Nf3 b5 32. Ne1 Ke7 33. g4 Kf6 34. Bb1 g5 35. Ke3 gxf4+ 36. Kxf4 Ne6+ 37. Ke3 Kg5 38. Bf5 b4 39. axb4 axb4 40. h3 b3 41. Nd3 Ng7 42. Bh7 Kh6 43. Be4 Bxe4 44. Kxe4 Kg5 45. Kf3 Kh4 46. Ke3 Kxh3 47. Kd4 Kxg4 48. Kc3 Ne6 1/2-1/2

[Event "2BLN 2223 Hamburger SK II - SK Zehlendo"]
[Site "?"]
[Date "2023.02.04"]
[Round "5.6"]
[White "Bracker, Arne"]
[Black "Meister, Jakob"]
[Result "0-1"]
[WhiteElo "2263"]
[BlackElo "2445"]
[PlyCount "74"]
[EventDate "2023.??.??"]

1. e4 e5 2. Nf3 Nc6 3. Bb5 a6 4. Ba4 d6 5. O-O Nf6 6. Re1 b5 7. Bb3 Na5 8. d4 Nxb3 9. axb3 Nd7 10. dxe5 Nxe5 11. Nxe5 dxe5 12. Qd5 Qxd5 13. exd5 f6 14. f4 Bd6 15. fxe5 fxe5 16. Nc3 Bb7 17. Bf4 O-O-O 18. Bxe5 b4 19. Na4 Bxd5 20. Rad1 Bxe5 21. Rxe5 Bc6 22. Rde1 Rd2 23. R1e2 Rd1+ 24. Kf2 Rf8+ 25. Kg3 Bb5 26. R2e4 Rd2 27. c3 Rff2 28. Nc5 Rxg2+ 29. Kh3 Rxh2+ 30. Kg3 Rhg2+ 31. Kh3 bxc3 32. bxc3 Rg6 33. Rf4 Bd7+ 34. Nxd7 Rxd7 35. Re8+ Kb7 36. Re3 Rd1 37. Kh2 Rd5 0-1

[Event "2BLN 2223 Hamburger SK II - SK Zehlendo"]
[Site "?"]
[Date "2023.02.04"]
[Round "5.7"]
[White "Lagunow, Alexander"]
[Black "Papp, Sarah"]
[Result "1-0"]
[WhiteElo "2346"]
[BlackElo "2293"]
[PlyCount "89"]
[EventDate "2023.??.??"]

1. d4 Nf6 2. c4 e6 3. Nc3 Bb4 4. Qc2 d5 5. cxd5 exd5 6. Bg5 O-O 7. e3 b6 8. Bd3 h6 9. Bh4 Bb7 10. Nge2 Re8 11. O-O Nbd7 12. a3 Bf8 13. b4 a6 14. Rab1 b5 15. a4 c6 16. a5 g5 17. Bg3 Qe7 18. Bf5 Bg7 19. h3 Nf8 20. Bh2 h5 21. Kh1 Bc8 22. Bxc8 Raxc8 23. Ng3 Qe6 24. Nf5 Ne4 25. g4 Nxc3 26. Qxc3 Red8 27. Qd3 hxg4 28. hxg4 Ng6 29. f4 gxf4 30. exf4 Bf8 31. Rbe1 Qd7 32. g5 Re8 33. Qh3 Rxe1 34. Nh6+ Bxh6 35. Qxd7 Rce8 36. Rxe1 Rxe1+ 37. Kg2 Bf8 38. Qxc6 Re6 39. Qxd5 Ne7 40. Qa8 Nf5 41. Bg1 Kg7 42. d5 Re2+ 43. Kf3 Rc2 44. Qxa6 Rc3+ 45. Kg4 1-0

[Event "2BLN 2223 Hamburger SK II - SK Zehlendo"]
[Site "?"]
[Date "2023.02.04"]
[Round "5.8"]
[White "Hommer, Jeremy"]
[Black "Heerde, Thomas"]
[Result "1-0"]
[WhiteElo "2245"]
[BlackElo "1982"]
[PlyCount "69"]
[EventDate "2023.??.??"]

1. e4 d5 2. exd5 Nf6 3. Bb5+ Nbd7 4. c4 a6 5. Bxd7+ Bxd7 6. Nc3 e6 7. Nge2 exd5 8. cxd5 b5 9. a3 Bg4 10. O-O Nxd5 11. Re1 Be7 12. Nxd5 Qxd5 13. h3 Bd7 14. Nc3 Qd3 15. Re3 Qf5 16. Qe1 Be6 17. d4 c6 18. Re5 Qg6 19. f4 O-O-O 20. f5 Bxf5 21. Rxe7 Bxh3 22. Qe4 f5 23. Qe6+ Qxe6 24. Rxe6 Bg4 25. Bf4 Rxd4 26. Rxc6+ Kb7 27. Rc7+ Ka8 28. g3 Re8 29. Rxg7 h5 30. a4 b4 31. Nb5 Rxf4 32. Nc7+ Kb8 33. Nxa6+ Kc8 34. Rc1+ Kd8 35. gxf4 1-0

[Event "2BLN 2223 FC St. Pauli - SK König Tege"]
[Site "?"]
[Date "2023.02.04"]
[Round "5.1"]
[White "Rabiega, Robert"]
[Black "Socko, Bartosz"]
[Result "0-1"]
[WhiteElo "2477"]
[BlackElo "2624"]
[PlyCount "52"]
[EventDate "2023.??.??"]

1. e4 e6 2. d4 d5 3. Nc3 Bb4 4. Nge2 dxe4 5. a3 Bxc3+ 6. Nxc3 f5 7. f3 exf3 8. Qxf3 Nf6 9. Bf4 O-O 10. O-O-O Nbd7 11. Be2 Nb6 12. Nb5 Nbd5 13. c4 a6 14. cxd5 axb5 15. dxe6 c6 16. d5 Nxd5 17. Bxb5 Bxe6 18. Bc4 Ra4 19. Bb3 Rxf4 20. Bxd5 Qg5 21. Bxe6+ Kh8 22. h4 Qh6 23. Qe3 Rc4+ 24. Kd2 Rd8+ 25. Ke2 Rc2+ 26. Kf3 Qh5+ 0-1

[Event "2BLN 2223 FC St. Pauli - SK König Tege"]
[Site "?"]
[Date "2023.02.04"]
[Round "5.2"]
[White "Janik, Igor"]
[Black "Bruedigam, Martin"]
[Result "1/2-1/2"]
[WhiteElo "2535"]
[BlackElo "2384"]
[PlyCount "83"]
[EventDate "2023.??.??"]

1. Nf3 Nf6 2. c4 e6 3. g3 a6 4. Bg2 b5 5. b3 Bb7 6. Nc3 b4 7. Na4 d6 8. d4 Nbd7 9. O-O Be7 10. Bb2 Be4 11. Nd2 Bxg2 12. Kxg2 Nb6 13. Nxb6 cxb6 14. e4 Nd7 15. f4 O-O 16. Nf3 b5 17. d5 bxc4 18. bxc4 Rc8 19. Rc1 exd5 20. cxd5 Rxc1 21. Qxc1 Bf6 22. Nd4 Bxd4 23. Bxd4 Re8 24. Re1 Nf6 25. Bxf6 gxf6 26. Qc6 a5 27. Kf3 Qb8 28. Rc1 b3 29. Rb1 b2 30. Qc3 Qb5 31. Rxb2 Qf1+ 32. Kg4 Qd1+ 33. Kh4 Kg7 34. Qc4 Qf3 35. Qe2 Qxe4 36. Qg4+ Qg6 37. Rb5 f5 38. Qxg6+ hxg6 39. Kh3 a4 40. Ra5 Re4 41. Ra6 Rd4 42. Rxd6 1/2-1/2

[Event "2BLN 2223 FC St. Pauli - SK König Tege"]
[Site "?"]
[Date "2023.02.04"]
[Round "5.3"]
[White "Mueller, Nick"]
[Black "Feuerstack, Aljoscha"]
[Result "1-0"]
[WhiteElo "2369"]
[BlackElo "2462"]
[PlyCount "147"]
[EventDate "2023.??.??"]

1. d4 d5 2. c4 e6 3. Nf3 Nf6 4. g3 dxc4 5. Bg2 Bb4+ 6. Bd2 a5 7. O-O O-O 8. Bg5 h6 9. Bxf6 Qxf6 10. a3 Bd6 11. Qa4 Nc6 12. Qxc4 e5 13. d5 Nb8 14. Nc3 Bf5 15. Nd2 Nd7 16. Nde4 Qe7 17. Rac1 Nb6 18. Qd3 a4 19. Rfd1 Ra5 20. Qf3 Bg6 21. Na2 Nxd5 22. e3 Qe6 23. Nxd6 cxd6 24. Nc3 Nxc3 25. Rxc3 d5 26. Qe2 Rd8 27. Rc7 Qb6 28. Re7 Rb5 29. Rd2 f6 30. Bh3 Rc5 31. Qg4 Kh7 32. Bf1 Qc6 33. h4 h5 34. Qb4 b5 35. Kh2 d4 36. exd4 Rc1 37. d5 Qb6 38. Bg2 Rc4 39. Re6 Qb7 40. Re7 Qb6 41. Re6 Qb7 42. Qa5 Qd7 43. Rb6 Be4 44. Qxb5 Bxg2 45. Qxd7 Rxd7 46. Kxg2 Kg6 47. Kf3 Kf5 48. Ke2 Re4+ 49. Kd1 g5 50. hxg5 fxg5 51. Rh6 h4 52. f3 Rc4 53. gxh4 gxh4 54. Rh5+ Kf6 55. d6 Rf4 56. Ke2 Kg6 57. Rxe5 h3 58. Ke3 Rh4 59. Re4 Rh5 60. Rg4+ Kf6 61. Rg1 Ke6 62. f4 Rb5 63. Rg6+ Kf7 64. Rh6 Rb3+ 65. Ke4 Kg7 66. Rh4 Kf6 67. Kd5 Rdb7 68. Kc4 Ke6 69. Rh6+ Kf5 70. Rd5+ Ke4 71. Re6+ Kxf4 72. d7 Rc7+ 73. Kd4 Rxb2 74. Re4+ 1-0

[Event "2BLN 2223 FC St. Pauli - SK König Tege"]
[Site "?"]
[Date "2023.02.04"]
[Round "5.4"]
[White "Socko, Monika"]
[Black "Rietze, Clemens"]
[Result "0-1"]
[WhiteElo "2450"]
[BlackElo "2321"]
[PlyCount "80"]
[EventDate "2023.??.??"]

1. d4 d5 2. c4 e6 3. Nf3 Nf6 4. g3 dxc4 5. Bg2 Nbd7 6. Qa4 a6 7. Qxc4 b5 8. Qd3 Bb7 9. O-O c5 10. Nc3 Be7 11. b3 O-O 12. Bb2 Rc8 13. Rfd1 Qa5 14. Ng5 c4 15. bxc4 bxc4 16. Qd2 Bxg2 17. Kxg2 Nd5 18. Nxd5 Qxd5+ 19. Nf3 Nf6 20. Bc3 Ne4 21. Qc1 a5 22. Rb1 Rb8 23. Rxb8 Rxb8 24. Kg1 Bb4 25. Ba1 c3 26. Qc2 Ba3 27. Ne1 Bb2 28. Nd3 Bxa1 29. Rxa1 Qxd4 30. Rc1 Rc8 31. Rb1 Qd5 32. f3 Qd4+ 33. Kg2 Nd6 34. Kh1 g6 35. Rd1 Nf5 36. Qb3 Qe3 37. Qb7 Nd6 38. Qd7 Qxe2 39. Nf2 Qxf2 40. Rxd6 Qf1# 0-1

[Event "2BLN 2223 FC St. Pauli - SK König Tege"]
[Site "?"]
[Date "2023.02.04"]
[Round "5.5"]
[White "Sarbok, Torsten"]
[Black "Krause, Benedict"]
[Result "1/2-1/2"]
[WhiteElo "2346"]
[BlackElo "2417"]
[PlyCount "48"]
[EventDate "2023.??.??"]

1. e4 c6 2. d4 d5 3. Nd2 dxe4 4. Nxe4 Nf6 5. Nxf6+ exf6 6. Nf3 Bd6 7. Be2 O-O 8. O-O Re8 9. Re1 Nd7 10. Bf1 Nf8 11. Rxe8 Qxe8 12. h3 Ng6 13. Bd3 Nf4 14. Bxf4 Bxf4 15. c3 Be6 16. Qc2 g6 17. b3 Qd7 18. Bc4 Bf5 19. Bd3 Bxh3 20. gxh3 Qxh3 21. Qe2 Qg4+ 22. Kf1 Qh3+ 23. Kg1 Qg4+ 24. Kf1 Qh3+ 1/2-1/2

[Event "2BLN 2223 FC St. Pauli - SK König Tege"]
[Site "?"]
[Date "2023.02.04"]
[Round "5.6"]
[White "Krause, Jonah"]
[Black "Von Herman, Ulf"]
[Result "1/2-1/2"]
[WhiteElo "2387"]
[BlackElo "2334"]
[PlyCount "102"]
[EventDate "2023.??.??"]

1. d4 Nf6 2. c4 e6 3. Nf3 d5 4. Nc3 Bb4 5. cxd5 exd5 6. Bg5 h6 7. Bh4 g5 8. Bg3 Ne4 9. Nd2 Nxg3 10. hxg3 c6 11. Qc2 Be6 12. a3 Be7 13. O-O-O Nd7 14. e4 dxe4 15. Ncxe4 Qc7 16. Bc4 Bxc4 17. Nxc4 O-O-O 18. Ne3 Nb6 19. Kb1 h5 20. Nc3 Kb8 21. Qf5 h4 22. g4 Nc8 23. Ne4 Nd6 24. Nxd6 Rxd6 25. Rhe1 Rf6 26. Qc2 Rf4 27. d5 Rd8 28. Rd2 Qa5 29. Red1 Qc5 30. Qb3 Qb6 31. Qc3 Bf6 32. Qc2 a6 33. dxc6 Rxd2 34. Rxd2 Qxc6 35. Qxc6 bxc6 36. Kc2 Bd4 37. Nc4 Bxf2 38. Ne5 Bb6 39. Nxc6+ Kc7 40. Ne5 f6 41. Ng6 Rxg4 42. Ne7 Bd4 43. Nf5 Be5 44. b3 Kb6 45. b4 Rc4+ 46. Kb3 Rc3+ 47. Ka4 h3 48. gxh3 Rxh3 49. Nd6 Kc6 50. Nc4 Bc7 51. Rf2 Kd5 1/2-1/2

[Event "2BLN 2223 FC St. Pauli - SK König Tege"]
[Site "?"]
[Date "2023.02.04"]
[Round "5.7"]
[White "Dimitrijeski, Boris"]
[Black "Ertan, Can"]
[Result "0-1"]
[WhiteElo "2221"]
[BlackElo "2357"]
[PlyCount "102"]
[EventDate "2023.??.??"]

1. d4 Nf6 2. c4 e6 3. Nc3 Bb4 4. Qc2 c5 5. dxc5 O-O 6. g3 Nc6 7. Nf3 Qa5 8. Bd2 Qxc5 9. a3 Bxc3 10. Qxc3 Ng4 11. e3 Qf5 12. Be2 d5 13. O-O Nge5 14. Nxe5 Nxe5 15. f3 Nxc4 16. Bxc4 dxc4 17. Qxc4 Bd7 18. e4 Qh5 19. Qb3 Rfd8 20. Bf4 Bb5 21. g4 Qc5+ 22. Be3 Qe5 23. Rfe1 Rd3 24. Qc2 h5 25. Rad1 Rad8 26. Rxd3 Rxd3 27. a4 Ba6 28. b4 Rc3 29. Qf2 Bd3 30. Bd4 Qc7 31. Bxc3 Qxc3 32. Rd1 Qb3 33. Qd2 Bc4 34. Rc1 hxg4 35. Qc3 gxf3 36. Qxb3 Bxb3 37. a5 f5 38. Rc8+ Kh7 39. exf5 exf5 40. Kf2 Bd5 41. Rd8 Bc6 42. h4 a6 43. Rd6 Be4 44. h5 Kh8 45. Rd1 Kg8 46. Ke3 Kf7 47. Kf4 Bc6 48. Ke5 Bb5 49. Rd2 Be2 50. h6 gxh6 51. Rd7+ Ke8 0-1

[Event "2BLN 2223 FC St. Pauli - SK König Tege"]
[Site "?"]
[Date "2023.02.04"]
[Round "5.8"]
[White "Voigt, Martin"]
[Black "Acikel, Mert"]
[Result "0-1"]
[WhiteElo "2330"]
[BlackElo "2229"]
[PlyCount "106"]
[EventDate "2023.??.??"]

1. e4 e5 2. Nf3 Nc6 3. Nc3 Nf6 4. d4 exd4 5. Nxd4 Bb4 6. Nxc6 bxc6 7. Bd3 d5 8. exd5 cxd5 9. O-O O-O 10. Bg5 c6 11. Qf3 Bd6 12. Rae1 h6 13. Bxf6 Qxf6 14. Qxf6 gxf6 15. Ne2 Be5 16. c3 Rb8 17. f4 Bd6 18. b3 Bg4 19. Nd4 c5 20. Nb5 c4 21. bxc4 dxc4 22. Bxc4 Bc5+ 23. Nd4 Rfd8 24. Bb3 a5 25. h3 a4 26. Bxa4 Be6 27. Rxe6 fxe6 28. Bb3 Rb6 29. f5 Rxb3 30. axb3 e5 31. Rf3 exd4 32. cxd4 Rxd4 33. Kf1 h5 34. g3 Bd6 35. Ke2 Be5 36. Re3 Kg7 37. Kf3 Kh6 38. h4 Rg4 39. Kg2 Kg7 40. Rd3 Kf8 41. Rd8+ Ke7 42. Rd3 Bd4 43. b4 Kd6 44. b5 Ke5 45. Rf3 Bb6 46. Kh2 Rb4 47. Kh3 Bg1 48. Rf1 Bd4 49. Rf4 Rxb5 50. Rf3 Rb1 51. Rf4 Rb2 52. Rf3 Rf2 53. Rb3 Kxf5 0-1

[Event "2BLN 2223 SV Glückauf Rüdersdorf - SV"]
[Site "?"]
[Date "2023.02.05"]
[Round "6.1"]
[White "Carlstedt, Jonathan"]
[Black "Klimkowski, Jan"]
[Result "1/2-1/2"]
[WhiteElo "2437"]
[BlackElo "2461"]
[PlyCount "63"]
[EventDate "2023.??.??"]

1. d4 Nf6 2. c4 g6 3. Nc3 d5 4. Nf3 Bg7 5. e3 O-O 6. cxd5 Nxd5 7. Bc4 Nb6 8. Bb3 c5 9. O-O cxd4 10. exd4 Bg4 11. d5 Na6 12. Be3 Qd7 13. h3 Bxf3 14. Qxf3 Rac8 15. Rad1 Nc5 16. Bd4 Bxd4 17. Rxd4 Nxb3 18. axb3 Qd6 19. Re1 Rcd8 20. Qe3 Rfe8 21. Qg5 Nd7 22. Ne4 Qb6 23. Qe3 Nc5 24. d6 Ne6 25. Rd2 Qxe3 26. Rxe3 Rd7 27. dxe7 Rxd2 28. Nf6+ Kh8 29. Nxe8 Rd1+ 30. Kh2 Rd7 31. Nd6 Rxe7 32. Kg3 1/2-1/2

[Event "2BLN 2223 SV Glückauf Rüdersdorf - SV"]
[Site "?"]
[Date "2023.02.05"]
[Round "6.2"]
[White "Leniart, Arkadiusz"]
[Black "Meins, Gerlef"]
[Result "1-0"]
[WhiteElo "2497"]
[BlackElo "2424"]
[PlyCount "87"]
[EventDate "2023.??.??"]

1. e4 c5 2. c3 d5 3. exd5 Qxd5 4. d4 Nf6 5. Nf3 Bg4 6. dxc5 Qxc5 7. Be3 Qc7 8. h3 Bf5 9. Nd4 Bd7 10. Nb5 Bxb5 11. Bxb5+ Nbd7 12. O-O e6 13. Qa4 a6 14. Bf4 Bd6 15. Bxd6 Qxd6 16. Rd1 Qc7 17. Na3 Rd8 18. Be2 O-O 19. Qc4 Qb8 20. Qb4 Nd5 21. Qb3 Ne5 22. g3 Qc7 23. c4 Ne7 24. Qc3 Nf5 25. Nc2 Rc8 26. Nd4 Nxd4 27. Rxd4 Nc6 28. Rd2 Rfd8 29. Rad1 Rxd2 30. Rxd2 Rd8 31. Bf3 g6 32. Rxd8+ Qxd8 33. Bxc6 bxc6 34. Kg2 Qd6 35. b4 c5 36. b5 axb5 37. cxb5 Kf8 38. a4 Ke7 39. a5 Kd7 40. Qf6 Qd5+ 41. Kh2 e5 42. a6 c4 43. a7 c3 44. Qc6+ 1-0

[Event "2BLN 2223 SV Glückauf Rüdersdorf - SV"]
[Site "?"]
[Date "2023.02.05"]
[Round "6.3"]
[White "Joachim, Sven"]
[Black "Sieciechowicz, Marcin"]
[Result "0-1"]
[WhiteElo "2391"]
[BlackElo "2384"]
[PlyCount "64"]
[EventDate "2023.??.??"]

1. c4 Nf6 2. Nc3 g6 3. e4 d6 4. d4 Bg7 5. Nf3 O-O 6. Be2 e5 7. O-O h6 8. Re1 Bg4 9. Be3 Bxf3 10. Bxf3 exd4 11. Bxd4 Nc6 12. Be3 Nd7 13. Qd2 Kh7 14. Be2 Nc5 15. f3 Ne6 16. Bd3 Ncd4 17. f4 f5 18. Kh1 Qd7 19. Bxd4 Nxd4 20. Nb5 fxe4 21. Bxe4 Nxb5 22. cxb5 Qxb5 23. Qc2 Rxf4 24. Bxg6+ Kh8 25. Bd3 Qb6 26. Qe2 Qxb2 27. Bc2 Qd4 28. Rad1 Qc4 29. Bd3 Qf7 30. Rf1 Rf8 31. Rxf4 Qxf4 32. Qe6 Be5 0-1

[Event "2BLN 2223 SV Glückauf Rüdersdorf - SV"]
[Site "?"]
[Date "2023.02.05"]
[Round "6.4"]
[White "Steczek, Marcin"]
[Black "Kollen, Zyon"]
[Result "0-1"]
[WhiteElo "2366"]
[BlackElo "2361"]
[PlyCount "153"]
[EventDate "2023.??.??"]

1. d4 Nf6 2. c4 e6 3. Nf3 b6 4. g3 Ba6 5. Qc2 Bb4+ 6. Bd2 Be7 7. Bg2 c6 8. Bf4 d5 9. O-O O-O 10. Rc1 Bxc4 11. Bxb8 Rxb8 12. Ne5 Rc8 13. Nd2 Bb5 14. a4 Ba6 15. Nxc6 Qd7 16. Nf3 Bd6 17. b4 Bxb4 18. Nfe5 Qb7 19. Qb2 Bd6 20. a5 bxa5 21. Qxb7 Bxb7 22. Nxa5 Rxc1+ 23. Rxc1 Rc8 24. Nec6 Bxc6 25. Rxc6 Rxc6 26. Nxc6 a6 27. e4 Nxe4 28. Bf1 a5 29. Nxa5 Bb4 30. Nb3 Nd2 31. Nxd2 Bxd2 32. Bb5 Bc3 33. Kf1 Bxd4 34. f3 Kf8 35. g4 g5 36. Ke2 Ke7 37. h3 h6 38. Kd3 Bb6 39. Ba4 Kd6 40. Be8 f6 41. Bf7 Ke5 42. Ke2 Bg1 43. Kf1 Be3 44. Ke2 d4 45. Bg8 Kf4 46. Bxe6 Kg3 47. Bf5 Kxh3 48. Be4 Kg3 49. Bc6 Kf4 50. Bb7 Bc1 51. Bc6 Ba3 52. Bb7 Bd6 53. Bc6 Be5 54. Bb7 f5 55. Bc8 Bg7 56. Bd7 fxg4 57. fxg4 Kg3 58. Bf5 Kh4 59. Kf3 h5 60. gxh5 Kxh5 61. Bd7 Kh4 62. Be6 Be5 63. Bd7 Bf4 64. Bf5 Bc1 65. Ke4 Bb2 66. Kf3 Bc3 67. Ke2 Kg3 68. Bc8 Kf4 69. Bd7 g4 70. Be6 Kg3 71. Bd7 Kh4 72. Bf5 g3 73. Kf3 Be1 74. Bd3 Kh3 75. Bf1+ Kh2 76. Ke2 Bc3 77. Kd3 0-1

[Event "2BLN 2223 SV Glückauf Rüdersdorf - SV"]
[Site "?"]
[Date "2023.02.05"]
[Round "6.5"]
[White "Breutigam, Martin"]
[Black "Dudzinski, Piotr"]
[Result "0-1"]
[WhiteElo "2355"]
[BlackElo "2330"]
[PlyCount "114"]
[EventDate "2023.??.??"]

1. d4 d5 2. Nf3 c6 3. e3 Bf5 4. c4 e6 5. Nc3 Nd7 6. Bd2 Bd6 7. c5 Bc7 8. b4 a6 9. Be2 e5 10. dxe5 Nxe5 11. O-O Nxf3+ 12. Bxf3 Nf6 13. Ne2 O-O 14. Ng3 Bg6 15. Bc3 Re8 16. Qd2 Ne4 17. Bxe4 Bxe4 18. Qb2 Qg5 19. f4 Qg4 20. Nxe4 Rxe4 21. Rf3 g6 22. Bh8 Kf8 23. Rg3 Qe6 24. f5 Qxf5 25. Rf1 Be5 26. Qd2 Qe6 27. Bxe5 Qxe5 28. Rgf3 f5 29. h3 Kg7 30. a3 Re8 31. Kf2 Qf6 32. Rc1 Qg5 33. Rc2 h5 34. Qc3+ Kh7 35. Qd2 Qh4+ 36. Kg1 Qe7 37. Kf2 Qe5 38. Qc3 g5 39. Qxe5 R8xe5 40. Rc3 Kg6 41. g3 Re7 42. Rd3 Rc4 43. Kg2 a5 44. Rb3 axb4 45. axb4 Ree4 46. b5 Rxc5 47. bxc6 bxc6 48. Rb8 g4 49. hxg4 hxg4 50. Rf2 Rxe3 51. Rg8+ Kh7 52. Rg5 Rcc3 53. Rfxf5 Rxg3+ 54. Kh1 Rh3+ 55. Kg2 Rcg3+ 56. Kf2 Rf3+ 57. Rxf3 Rxf3+ 0-1

[Event "2BLN 2223 SV Glückauf Rüdersdorf - SV"]
[Site "?"]
[Date "2023.02.05"]
[Round "6.6"]
[White "Szadkowski, Kamil"]
[Black "Richter, Christian"]
[Result "1/2-1/2"]
[WhiteElo "2284"]
[BlackElo "2360"]
[PlyCount "59"]
[EventDate "2023.??.??"]

1. e4 e5 2. Nf3 Nc6 3. Bb5 a6 4. Ba4 Nf6 5. O-O b5 6. Bb3 Be7 7. Re1 d6 8. c3 O-O 9. h3 Re8 10. d4 Bf8 11. Nbd2 h6 12. a3 Bd7 13. Qc2 Qb8 14. Ba2 a5 15. Qd3 a4 16. Nf1 Na5 17. Ng3 c5 18. Nh4 Qd8 19. Ngf5 c4 20. Qf3 Kh7 21. g4 g6 22. g5 gxf5 23. Nxf5 Bxf5 24. Qxf5+ Kh8 25. Qxf6+ Qxf6 26. gxf6 Re6 27. Be3 exd4 28. Bxd4 Rae8 29. Rad1 Nc6 30. Bb1 1/2-1/2

[Event "2BLN 2223 SV Glückauf Rüdersdorf - SV"]
[Site "?"]
[Date "2023.02.05"]
[Round "6.7"]
[White "Ewert, Hannes"]
[Black "Wlodarczyk, Oskar"]
[Result "1-0"]
[WhiteElo "2261"]
[BlackElo "2243"]
[PlyCount "95"]
[EventDate "2023.??.??"]

1. Nf3 d5 2. d4 Nf6 3. g3 g6 4. Bg2 Bg7 5. O-O O-O 6. c4 dxc4 7. Na3 c3 8. bxc3 c5 9. e3 Nc6 10. Qe2 Bf5 11. Rd1 Qa5 12. Bb2 Rfd8 13. Nd2 cxd4 14. cxd4 Bg4 15. Bf3 Qh5 16. Bxg4 Nxg4 17. Nf1 Nb4 18. f3 Nf6 19. Nc4 Qb5 20. a4 Qa6 21. Rdc1 Rac8 22. Nfd2 Nfd5 23. Kf1 e6 24. a5 Bf8 25. Kf2 Bh6 26. Ra3 Rc7 27. Ne4 Qb5 28. Rb3 b6 29. axb6 axb6 30. Ne5 Qxe2+ 31. Kxe2 Rdc8 32. Rxc7 Rxc7 33. Bc3 f5 34. Bxb4 fxe4 35. fxe4 Nf6 36. Kd3 Rc1 37. Be7 Ne8 38. Rxb6 Bg7 39. Rxe6 Rd1+ 40. Ke2 Rh1 41. Nf3 Kf7 42. Ng5+ Kg8 43. Bd8 Rxh2+ 44. Kd3 Kf8 45. d5 Rh1 46. e5 Rd1+ 47. Ke4 h6 48. Nh7+ 1-0